000 00226 a2200097 4500
001 31179
100 _aGrace, Andrew
245 _aControl system toolbox
260 _aNatick, MA
_bThe Math works Inc
_c
090 _c21185
_d21185
942 _aNUST-CAE
_cM
_c12431
999 _c266252
_d266252